|
|
|
|
| LEADER |
00680cam a2200181 7i4500 |
| 001 |
0000030499 |
| 005 |
20131128090000.0 |
| 022 |
0 |
0 |
|a 22320407
|
| 090 |
0 |
0 |
|a STAT 636.009595
|b KEM (M)
|
| 110 |
2 |
0 |
|a Kementerian Pertanian dan Industri Asas Tani Malaysia (MOA)
|
| 245 |
2 |
0 |
|a Perangkaan agromakanan =
|l Agrofood statistics 2012.
|
| 260 |
0 |
0 |
|a Putrajaya:
|b Kementerian Pertanian dan Industri Asas Tani Malaysia (MOA),
|c 2013.
|
| 300 |
# |
# |
|a 160 p.
|
| 650 |
0 |
0 |
|a Liverstock --
|x Statistics --
|z Malaysia
|
| 650 |
0 |
0 |
|a Agriculture --
|x Statistics --
|z Malaysia
|
| 650 |
0 |
0 |
|a Food --
|x Statistics --
|z Malaysia
|
| 651 |
0 |
0 |
|a Malaysia
|
| 999 |
|
|
|a 0000032836
|b Book
|c Statistics
|e Business Information Centre
|